Pump users handbook /c /

Bibliographic Details
Main Author: Pollak, F.
Other Authors: Addison, Herbert
Format: Book
Language:English
Published: Morden, Surrey, England : Trade and Technical Press Ltd., [1988]
Edition:3rd ed.
Subjects:

MARC

Tag First Indicator Second Indicator Subfields
LEADER 00000cam a2200000 a 4500
001 in00000982221
005 20150927113824.0
008 891004s1988 enka 00010 eng d
020 |a 0854611223 
035 |a (OCoLC)20440055 
035 |9 AEW7512AM 
040 |a AFB  |c AFB  |d UtOrBLW 
049 |a TXAM 
090 |a TJ900  |b .P63 1988 
100 1 |a Pollak, F. 
245 1 0 |a Pump users handbook /c /  |c compiled by F. Pollak. 
250 |a 3rd ed. 
264 1 |a Morden, Surrey, England :  |b Trade and Technical Press Ltd.,  |c [1988] 
264 4 |c ©1988 
300 |a iv, 208 pages :  |b illustrations ;  |c 22 cm. 
336 |a text  |b txt  |2 rdacontent 
337 |a unmediated  |b n  |2 rdamedia 
338 |a volume  |b nc  |2 rdacarrier 
504 |a Bibliography: page 206. 
500 |a Includes index. 
650 0 |a Pumping machinery  |v Handbooks, manuals, etc. 
700 1 |a Addison, Herbert.  |t Pump users handbook. 
999 |a MARS 
999 f f |s b833032e-631a-32f0-920c-242ca32ef80d  |i f68489d6-84a0-38bc-8d53-d922b8c27705  |t 0 
952 f f |p ric  |a Texas A&M University  |b Rellis Campus  |c Joint Library Facility  |d Remote Storage  |t 0  |e TJ900 .P63 1988  |h Library of Congress classification  |i unmediated -- volume  |m A14814387788 
998 f f |a TJ900 .P63 1988  |t 0  |l Remote Storage